Score 0/100 Timer 02:30
4 Plays Today
What to type ↓ Type here! ↓ % Correct
leilei
99.6%
lakelake
98.7%
logologo
98.2%
luauluau
97.7%
loafloaf
97.3%
leekleek
97%
lutelute
96.8%
lynxlynx
96.6%
levylevy
96.3%
leastleast
96.1%
llamallama
95.9%
leechleech
95.7%
louselouse
95.6%
lagerlager
95.5%
lassolasso
95.4%
lancelance
95.4%
lemurlemur
95.3%
luridlurid
95.1%
lapellapel
95%
leachleach
94.9%
lorisloris
94.8%
laptoplaptop
94.7%
lizardlizard
94.6%
lessonlesson
94.5%
ladderladder
94.5%
lingerlinger
94.3%
legionlegion
94.1%
larynxlarynx
93.9%
loofahloofah
93.7%
lycheelychee
93.5%
limpetlimpet
93.3%
latentlatent
93.1%
lubberlubber
92.9%
langurlangur
92.7%
What to type ↓ Type here! ↓ % Correct
labiallabial
92.5%
lummoxlummox
92.3%
lolloplollop
92%
limpidlimpid
91.5%
luxateluxate
91.1%
lechwelechwe
90.7%
lasagnalasagna
90.1%
leopardleopard
89.6%
lobsterlobster
89.1%
laundrylaundry
88.4%
liaisonliaison
87.2%
lozengelozenge
86.4%
lecternlectern
85.6%
lenientlenient
84.9%
laggardlaggard
84.2%
laconiclaconic
83.3%
lampreylamprey
82.4%
luthierluthier
81.5%
leghornleghorn
80.5%
lissomelissome
79.6%
lehayimlehayim
77.8%
leisterleister
76.8%
lyricistlyricist
75.1%
landlordlandlord
73.9%
leftoverleftover
72.8%
linguinelinguine
71.5%
labradorlabrador
70.2%
laminatelaminate
69.2%
ligamentligament
67.8%
laureatelaureate
66.1%
linimentliniment
64.4%
librettolibretto
62.9%
lutefisklutefisk
60.9%
lavalavalavalava
59.2%
What to type ↓ Type here! ↓ % Correct
legeritylegerity
57.2%
levanterlevanter
55.6%
levigatelevigate
54%
lepidotelepidote
52.1%
leviratelevirate
50.4%
lightninglightning
48.3%
lifeguardlifeguard
46.4%
limousinelimousine
44.7%
landslidelandslide
43%
labyrinthlabyrinth
40.1%
loathsomeloathsome
38.3%
leviathanleviathan
36.5%
logomachylogomachy
34.7%
liverwortliverwort
32.9%
leitmotifleitmotif
30.8%
lotuslandlotusland
29%
lickerishlickerish
27.7%
laboratorylaboratory
26.1%
leprechaunleprechaun
24.6%
lacklusterlackluster
23.2%
loquaciousloquacious
21.5%
liverwurstliverwurst
20%
luciferousluciferous
18.3%
lemniscatelemniscate
16.6%
lebensraumlebensraum
15%
luftmenschluftmensch
13.5%
lycanthropelycanthrope
12.1%
latifundiumlatifundium
10.8%
legerdemainlegerdemain
9.7%
lepidopteristlepidopterist
8.3%
lackadaisicallackadaisical
6.9%
leptocephalusYour typing was absolutely L-ectric!!
6%

You're not logged in!

Compare scores with friends on all Sporcle quizzes.
OR
Log In

Sporcle TV

Today on Sporcle TV


Watch our educational content, quiz creation guides, and fun videos on Sporcle TV.

Show Comments

Extras

Top Quizzes Today


Score Distribution

Paid Content

Your Account Isn't Verified!

In order to create a playlist on Sporcle, you need to verify the email address you used during registration. Go to your Sporcle Settings to finish the process.

Report this User

Report this user for behavior that violates our Community Guidelines.

Details: